[Event "Torremolinos"]
[Site "?"]
[Date "1983.??.??"]
[Round "?"]
[White "Fernandez Garcia, Jose Luis"]
[Black "Roos, Daniel"]
[WhiteElo "2435"]
[BlackElo "2410"]
[Result "1-0"]

1. e4 c6 2. c4 d5 3. cxd5 cxd5 4. exd5 Nf6 5. Qa4+ Nbd7 6. Nc3 g6 7. Nf3 Bg7 8. Qb3 O-O 9. Bc4 Nb6 10. d3 Bg4 11. Ne5 Qc7 12. Nxg4 Nxg4 13. h3 Ne5 14. Nb5 Qc8 15. Na3 Qf5 16. O-O g5 17. Nc2 g4 18. Ne3 Qg6 19. Nxg4 Nxg4 20. hxg4 Qxg4 21. Be3 Rad8 22. Bc5 Bf6 23. Rae1 Qg5 24. Qb4 Nc8 25. Qxb7 Kh8 26. g3 Be5 27. Kg2 Rg8 28. Re3 Nd6 29. Qxa7 f6 30. Qxe7 Bf4 31. Rh1 h6 32. Bxd6 Bxd6 33. Qf7 Rb8 34. b3 Bc5 35. Rf3 Bxf2 36. Qxf6+ Qxf6 37. Rxf6 Bxg3 38. Rhxh6+ Kg7 39. Kxg3 Rbe8 40. Rfg6+ 

1-0

[Event "Havana-B"]
[Site "?"]
[Date "1986.??.??"]
[Round "?"]
[White "Fernandez Garcia, Jose Luis"]
[Black "Sieiro Gonzalez, Luis"]
[WhiteElo "2455"]
[BlackElo "2365"]
[Result "1-0"]

1. e4 e5 2. Nf3 Nc6 3. Bb5 g6 4. d4 exd4 5. Bg5 f6 6. Bf4 Bg7 7. O-O Nge7 8. Bc4 Na5 9. Qxd4 Nec6 10. Qd5 Nxc4 11. Qxc4 d6 12. Nc3 Bg4 13. Nd4 Nxd4 14. Qxd4 Be6 15. Qd2 O-O 16. Bh6 Bxh6 17. Qxh6 f5 18. Rfe1 fxe4 19. Nxe4 Bf5 20. Ng5 Qd7 21. c3 Rae8 22. h3 Qg7 23. Qh4 h6 24. Nf3 a6 25. Rad1 g5 26. Qg3 Bd7 27. a3 b5 28. Nd4 Qf6 29. Rxe8 Rxe8 30. Qd3 Kg7 31. Qd2 a5 32. Nc2 Qf4 33. Ne3 Bc6 34. Re1 Re5 35. Qd4 Qxd4 36. cxd4 Re4 37. Rc1 Be8 38. Rxc7+ Kg6 39. Rc8 Bf7 40. d5 b4 41. Rc6 b3 42. Rxd6+ Kh7 43. Kf1 Bg6 44. Rd7+ Kg8 45. Rb7 a4 46. d6 Rd4 47. d7 Kf8 48. Ng4 Ke7 49. Ne5 Be4 

1-0

[Event "Pontevedra"]
[Site "?"]
[Date "1986.??.??"]
[Round "?"]
[White "Fernandez Garcia, Jose Luis"]
[Black "Martin Gonzalez, Angel"]
[WhiteElo "2485"]
[BlackElo "2430"]
[Result "1-0"]

1. e4 c5 2. Nf3 d6 3. d4 cxd4 4. Nxd4 Nf6 5. Nc3 g6 6. Be3 Bg7 7. f3 Nc6 8. Qd2 O-O 9. O-O-O d5 10. exd5 Nxd5 11. Nxc6 bxc6 12. Bd4 e5 13. Bc5 Be6 14. Bc4 Re8 15. h4 h6 16. g4 Rb8 17. g5 h5 18. Ne4 Nf4 19. Qxd8 Rbxd8 20. Bxe6 Nxe6 21. Bxa7 Ra8 22. Rd7 Nd4 23. Bxd4 exd4 24. a3 Reb8 25. Nc5 Rb5 26. Nb3 Rab8 27. Re1 c5 28. Rc7 d3 29. Re3 dxc2 30. Kxc2 Bd4 31. Rd3 Bf2 32. f4 Bxh4 33. Rf3 Be1 34. Rxc5 R5b7 35. Re5 Bf2 36. Rxf2 Rxb3 37. Re8+ Rxe8 38. Kxb3 f6 39. a4 Re3+ 40. Kb4 Re4+ 41. Kb5 fxg5 42. fxg5 Re5+ 43. Kb6 Rxg5 44. a5 Re5 45. b4 Re6+ 46. Kc7 h4 47. b5 Kh7 48. b6 g5 49. b7 Re7+ 50. Kc6 Re8 51. a6 g4 52. a7 g3 53. Rf4 

1-0

[Event "Havana-B"]
[Site "?"]
[Date "1986.??.??"]
[Round "?"]
[White "Fernandez Garcia, Jose Luis"]
[Black "Hernandez, Alberto"]
[WhiteElo "2455"]
[BlackElo "2335"]
[Result "1-0"]

1. e4 c5 2. Nf3 d6 3. d4 cxd4 4. Nxd4 Nf6 5. Nc3 g6 6. Be3 Bg7 7. f3 Nc6 8. Qd2 Bd7 9. Bc4 Rc8 10. Bb3 h5 11. O-O-O Na5 12. Kb1 O-O 13. Bh6 Nc4 14. Bxc4 Rxc4 15. Bxg7 Kxg7 16. Rhe1 Qa5 17. f4 Bg4 18. Nb3 Qa6 19. Rc1 b5 20. e5 dxe5 21. fxe5 Nd7 22. Nd5 Be6 23. Nf4 Rfc8 24. Nxe6+ Qxe6 25. Nd4 Qb6 26. Rcd1 Nf8 27. b3 R4c7 28. Qg5 Ne6 29. Nf5+ Kf8 30. Qh6+ Kg8 31. Re3 Qb7 32. Red3 Qb8 33. Rg3 Qb6 34. Rf1 Qc6 35. Rf2 Rd8 36. Kb2 b4 37. h4 Qa6 38. Rxg6+ fxg6 39. Qxg6+ Kh8 40. Qxh5+ Kg8 41. Qg6+ Kh8 42. Qh5+ Kg8 43. Nh6+ 

1-0

[Event "Havana-B"]
[Site "?"]
[Date "1986.??.??"]
[Round "?"]
[White "Fernandez Garcia, Jose Luis"]
[Black "Filguth, Rubens Alberto"]
[WhiteElo "2455"]
[BlackElo "2405"]
[Result "1-0"]

1. e4 e6 2. d4 d5 3. Nc3 Bb4 4. e5 c5 5. Qg4 Ne7 6. Nf3 Nbc6 7. a3 Bxc3+ 8. bxc3 O-O 9. Bd3 f5 10. exf6 Rxf6 11. Bg5 Rf7 12. Bxe7 Rxe7 13. Qh4 g6 14. O-O c4 15. Be2 Qf8 16. Rfe1 Qf5 17. Bd1 Rg7 18. Ne5 g5 19. Qh5 Nxe5 20. Rxe5 Qf6 21. Qe8+ Qf8 22. Qxf8+ Kxf8 23. Bg4 h6 24. Rae1 Re7 25. Bxe6 Bxe6 26. Rxe6 Rae8 27. Rxe7 Rxe7 28. Rxe7 Kxe7 29. g4 Kd6 30. f4 Kc6 31. h4 gxh4 32. Kg2 

1-0

[Event "New York op"]
[Site "?"]
[Date "1987.??.??"]
[Round "?"]
[White "Fernandez Garcia, Jose Luis"]
[Black "Silman, Jeremy D"]
[WhiteElo "2450"]
[BlackElo "2345"]
[Result "1-0"]

1. e4 c6 2. c4 d5 3. exd5 cxd5 4. cxd5 Nf6 5. Qa4+ Nbd7 6. Nc3 g6 7. Nf3 Bg7 8. Qb3 a6 9. a4 Nb6 10. a5 Nbxd5 11. Bc4 e6 12. O-O O-O 13. d3 b5 14. axb6 Nxb6 15. Be3 Nxc4 16. dxc4 Qc7 17. Bb6 Qb8 18. Na4 Nd7 19. Rfd1 Nxb6 20. Nxb6 Ra7 21. c5 Rc7 22. Rac1 Qb7 23. Qa3 Qc6 24. b4 Bb7 25. Nc4 Rb8 26. Rd6 Qe8 27. Rcd1 Bf8 28. Rb6 Bd5 29. Nfe5 Rxb6 30. Nxb6 Qb5 31. Ng4 Be7 32. Qa1 h5 33. Nh6+ Kh7 34. Nxf7 Qe8 35. Nxd5 exd5 36. Qe5 Rc8 37. Qxd5 Kg7 38. Nd6 Bxd6 39. cxd6 Qd7 40. Qe5+ Kf7 41. Qf4+ Kg7 42. h3 Rc6 43. Qe5+ 

1-0

[Event "Pau op"]
[Site "?"]
[Date "1988.??.??"]
[Round "?"]
[White "Fernandez Garcia, Jose Luis"]
[Black "Jadoul, Michel"]
[WhiteElo "2435"]
[BlackElo "2385"]
[Result "1-0"]

1. e4 c6 2. c4 d5 3. exd5 cxd5 4. cxd5 Nf6 5. Qa4+ Nbd7 6. Nc3 g6 7. Nf3 Bg7 8. Qb3 O-O 9. Bc4 Nb6 10. d3 Ne8 11. h3 Nd6 12. O-O Bd7 13. Re1 Rc8 14. Bg5 Re8 15. Nd2 Bf5 16. Nb5 h6 17. Bf4 Nxb5 18. Bxb5 Bd7 19. Bc4 Ba4 20. Qa3 Bc2 21. Be5 Nxd5 22. Bxg7 Kxg7 23. Rac1 Nf4 24. Rxc2 b5 25. Bb3 Qxd3 26. Rxc8 Qxd2 27. Rxe7 Nxh3+ 28. gxh3 Qg5+ 29. Kf1 Rxe7 30. Qc5 

1-0

[Event "Pau op"]
[Site "?"]
[Date "1988.??.??"]
[Round "?"]
[White "Fernandez Garcia, Jose Luis"]
[Black "Boudre, Jean-Pierre"]
[WhiteElo "2435"]
[BlackElo "2355"]
[Result "1-0"]

1. e4 e5 2. Nf3 Nc6 3. d4 exd4 4. Bc4 Nf6 5. e5 d5 6. Bb5 Ne4 7. Nxd4 Bd7 8. Bxc6 bxc6 9. O-O Bc5 10. f3 Ng5 11. f4 Ne4 12. Be3 Bb6 13. Nd2 Nxd2 14. Qxd2 c5 15. Ne2 d4 16. Bf2 O-O 17. c4 f6 18. Bh4 g5 19. fxg5 fxe5 20. Ng3 Be8 21. Rxf8+ Kxf8 22. Rf1+ Kg8 23. Ne4 Bg6 24. Nf6+ Kh8 25. Bg3 

1-0

[Event "ESP-ch"]
[Site "?"]
[Date "1989.??.??"]
[Round "?"]
[White "Fernandez Garcia, Jose Luis"]
[Black "Sanchez Guirado, Francisco"]
[WhiteElo "2330"]
[BlackElo "2360"]
[Result "1-0"]

1. e4 c6 2. d4 d5 3. Nd2 dxe4 4. Nxe4 Nd7 5. Bc4 Ngf6 6. Nxf6+ Nxf6 7. c3 Qc7 8. Nf3 Bg4 9. h3 Bxf3 10. Qxf3 e6 11. O-O Be7 12. Bf4 Bd6 13. Qg3 Bxf4 14. Qxg7 O-O-O 15. Qxf6 h5 16. Rfe1 Rh6 17. Qh4 Rg8 18. Re4 Bd6 19. Re3 Rhg6 20. Bf1 f5 21. Qxh5 Bf4 22. Rd3 Qg7 23. Qf3 Bb8 24. Re1 Qc7 25. Re5 Qb6 26. Re2 Qc7 27. g3 Qh7 28. Bg2 

1-0

[Event "ESP-ch"]
[Site "?"]
[Date "1989.??.??"]
[Round "?"]
[White "Fernandez Garcia, Jose Luis"]
[Black "Martin Gonzalez, Angel"]
[WhiteElo "2330"]
[BlackElo "2370"]
[Result "1-0"]

1. e4 c5 2. Nf3 d6 3. d4 cxd4 4. Nxd4 Nf6 5. Nc3 g6 6. Be3 Bg7 7. f3 Nc6 8. Qd2 O-O 9. O-O-O d5 10. exd5 Nxd5 11. Nxc6 bxc6 12. Bd4 e5 13. Bc5 Be6 14. Ne4 Re8 15. h4 h6 16. g4 Nf4 17. Qc3 Bd5 18. g5 h5 19. Qa3 Qc7 20. Nf6+ Bxf6 21. gxf6 Qc8 22. c4 Be6 23. Rh2 Bf5 24. Rhd2 Ne6 25. Bd6 Nd4 26. f4 Bg4 27. fxe5 Bxd1 28. Rxd4 Bg4 29. Qe3 Kh7 30. c5 Qe6 31. Bc4 Qxf6 32. Rf4 Bf5 33. exf6 Rxe3 34. Bxf7 Rd8 35. Bb3 Rd3 36. Be7 Rc8 37. f7 Kg7 38. f8=Q+ Rxf8 39. Bxf8+ Kxf8 40. Be6 Kg7 41. Bxf5 gxf5 42. Rxf5 Rd4 43. Rxh5 Kg6 44. Re5 Kf6 45. Re3 Rxh4 46. Kc2 Rc4+ 47. Rc3 Rh4 48. Kb3 Ke5 49. Rd3 a5 50. Rd6 Rb4+ 51. Ka3 Rb5 52. Rxc6 Kd5 53. Ra6 Rxc5 54. b3 Kd4 55. Ka4 Rc2 56. a3 Ra2 57. Rxa5 Kc3 58. Rh5 Ra1 59. b4 

1-0

[Event "Las Palmas op"]
[Site "?"]
[Date "1989.??.??"]
[Round "?"]
[White "Fernandez Garcia, Jose Luis"]
[Black "Magem Badals, Jordi"]
[WhiteElo "2440"]
[BlackElo "2425"]
[Result "1-0"]

1. e4 c5 2. Nf3 e6 3. d4 cxd4 4. Nxd4 a6 5. Bd3 g6 6. Nc3 Bg7 7. Nf3 Qc7 8. O-O Nc6 9. Bg5 Nf6 10. Qd2 d6 11. Rad1 O-O 12. Be2 Ne8 13. a4 b6 14. Rfe1 Bb7 15. Bf1 Rc8 16. Bh6 Rd8 17. Bxg7 Kxg7 18. Re3 f6 19. Bc4 Bc8 20. Bb3 Rf7 21. Ne2 Qb7 22. Ned4 Nxd4 23. Nxd4 Re7 24. Qb4 Bd7 25. e5 fxe5 26. Rxe5 Kf6 27. Re3 e5 28. Nf3 Bc6 29. Qh4+ Kg7 30. Nxe5 Rxe5 31. Rxe5 dxe5 32. Qxd8 Nf6 33. Rd6 Ne4 34. Re6 

1-0

[Event "Alicante op"]
[Site "?"]
[Date "1989.??.??"]
[Round "?"]
[White "Fernandez Garcia, Jose Luis"]
[Black "Hoffman, Alejandro"]
[WhiteElo "2440"]
[BlackElo "2435"]
[Result "1-0"]

1. e4 c5 2. Nf3 d6 3. d4 cxd4 4. Nxd4 Nf6 5. Nc3 g6 6. Be3 Bg7 7. f3 O-O 8. Qd2 Nc6 9. O-O-O d5 10. exd5 Nxd5 11. Nxc6 bxc6 12. Bd4 e5 13. Bc5 Be6 14. Ne4 Rb8 15. Bc4 Re8 16. h4 Qc7 17. h5 f5 18. Ng5 e4 19. Bb3 e3 20. Bxe3 Nxe3 21. Nxe6 Bxb2+ 22. Kxb2 Rxe6 23. Qxe3 

1-0

[Event "Sevilla op"]
[Site "?"]
[Date "1989.??.??"]
[Round "?"]
[White "Fernandez Garcia, Jose Luis"]
[Black "Eslon, Jaan"]
[WhiteElo "2440"]
[BlackElo "2365"]
[Result "1-0"]

1. e4 e6 2. d4 d5 3. Nc3 Nf6 4. Bg5 dxe4 5. Nxe4 Be7 6. Bxf6 Bxf6 7. Nf3 O-O 8. Bc4 b6 9. Qe2 Bb7 10. O-O-O Be7 11. Rhe1 Nd7 12. h4 Nf6 13. Neg5 Bd5 14. Ne5 Bxc4 15. Qxc4 Nd5 16. Ngxf7 Rxf7 17. Nxf7 Kxf7 18. Qe2 Qd6 19. Qh5+ Kg8 20. Qg4 Re8 21. c4 Nb4 22. a3 Nc6 23. Qxe6+ Qxe6 24. Rxe6 Bg5+ 25. hxg5 Rxe6 26. d5 Re4 27. dxc6 Rxc4+ 28. Kb1 Rxc6 29. Rd7 a5 30. f4 h6 31. gxh6 gxh6 32. g4 Rc4 33. g5 Rxf4 34. gxh6 Rh4 35. Rxc7 Rxh6 36. Kc2 Kf8 37. Kb3 Ke8 38. Ka4 Kd8 39. Rc2 Kd7 40. Kb5 Rg6 41. Rc3 Rh6 42. Ka6 Rc6 43. Kb7 Rd6 44. Rc7+ Kd8 45. Rc6 Rd7+ 46. Ka6 b5 47. Kxa5 Rd2 48. b3 

1-0

[Event "Buenos Aires"]
[Site "?"]
[Date "1990.??.??"]
[Round "?"]
[White "Fernandez Garcia, Jose Luis"]
[Black "Ricardi, Pablo"]
[WhiteElo "2470"]
[BlackElo "2380"]
[Result "1-0"]

1. e4 c5 2. Nf3 d6 3. d4 cxd4 4. Nxd4 Nf6 5. Nc3 a6 6. Be2 e6 7. O-O Be7 8. f4 O-O 9. Bf3 Qc7 10. Kh1 Nc6 11. Nxc6 bxc6 12. Na4 d5 13. e5 Nd7 14. c4 Nb6 15. cxd5 cxd5 16. Be3 Nxa4 17. Qxa4 Bd7 18. Qd4 Rfc8 19. Rfc1 Qa5 20. a3 h6 21. Kg1 Qb5 22. Qb6 g5 23. Qd4 Rab8 24. b4 a5 25. fxg5 Bxg5 26. Qg4 Rc4 27. Qg3 Kh7 28. Bxg5 Rg8 29. Qf2 Rxg5 30. Be2 Kg8 31. h4 Rf5 32. Qg3+ Kf8 33. Bxc4 dxc4 34. Re1 Bc6 35. Rad1 Bd5 36. Qe3 axb4 37. axb4 h5 38. Rf1 Rxf1+ 39. Rxf1 Qxb4 40. Qh6+ Ke8 41. Qxh5 Qe7 42. Qh8+ Kd7 43. Qf6 Qxf6 44. exf6 e5 45. h5 Ke6 46. g4 c3 47. g5 c2 48. h6 Be4 49. Kf2 Bd3 50. Rg1 

1-0

[Event "Zaragoza op"]
[Site "?"]
[Date "1996.??.??"]
[Round "?"]
[White "Fernandez Garcia, Jose Luis"]
[Black "San Segundo, Pablo"]
[WhiteElo "2465"]
[BlackElo "2535"]
[Result "1-0"]

1. e4 c5 2. Nf3 d6 3. d4 cxd4 4. Nxd4 Nf6 5. Nc3 Nc6 6. Be2 g6 7. Nb3 Bg7 8. O-O O-O 9. Re1 a6 10. Bf1 b5 11. a4 b4 12. Nd5 Nd7 13. a5 Bb7 14. Ra2 e6 15. Ne3 Nc5 16. Nc4 Nxb3 17. cxb3 Bd4 18. Be3 e5 19. Qd2 Rb8 20. Ra4 d5 21. exd5 Qxd5 22. Nb6 Qd6 23. Bc4 Rbd8 24. Nd5 Kh8 25. Nxb4 Nxb4 26. Qxb4 Qc6 27. f3 Bxe3+ 28. Rxe3 Rd1+ 29. Kf2 Kg7 30. Qc3 f6 31. Be2 Rd5 32. Qxc6 Bxc6 33. Rc4 Bb5 34. Rc7+ Rf7 35. Rxf7+ Kxf7 36. b4 Rd2 37. Ke1 Rxb2 38. Bxb5 axb5 39. Ra3 Rc2 40. a6 Rc8 41. a7 Ra8 42. Ra6 f5 43. g4 fxg4 44. fxg4 Ke7 45. Ke2 Kd7 46. Ke3 Kc7 47. Ke4 Kb7 48. Ra5 

1-0

[Event "Zaragoza op"]
[Site "?"]
[Date "1996.??.??"]
[Round "?"]
[White "Fernandez Garcia, Jose Luis"]
[Black "Ubilava, Elizbar"]
[WhiteElo "2465"]
[BlackElo "2535"]
[Result "1-0"]

1. e4 c5 2. Nf3 d6 3. d4 cxd4 4. Nxd4 Nf6 5. Nc3 Nc6 6. Be2 g6 7. Be3 Bg7 8. O-O O-O 9. f4 Bg4 10. Nxc6 Bxe2 11. Nxd8 Bxd1 12. Raxd1 Rfxd8 13. Bd4 Nd7 14. Nd5 Bxd4+ 15. Rxd4 Kf8 16. Ne3 Rac8 17. Rfd1 Ke8 18. Kf2 Rc5 19. h4 h5 20. Kf3 a5 21. a3 Nb8 22. Rd5 Rdc8 23. Rxc5 Rxc5 24. Rd5 Rxd5 25. exd5 Nd7 26. Ke4 Kd8 27. f5 Ne5 28. fxg6 fxg6 29. Kd4 Nd7 30. Kc4 Nc5 31. b3 Kc7 32. Kb5 b6 33. Nc4 Nd7 34. a4 Kb7 35. c3 Kc7 36. b4 axb4 37. cxb4 Kb7 38. a5 bxa5 39. Nxa5+ Kc7 40. Nc6 Nf6 41. Nxe7 Kd7 42. Nxg6 Nxd5 43. Kc4 Ne3+ 44. Kb5 Nxg2 45. Ka6 Ne3 46. Nf4 Nc4 47. b5 d5 48. b6 Nxb6 49. Kxb6 d4 50. Kc5 d3 51. Nxd3 Ke6 52. Kd4 Kf5 53. Ne1 

1-0

[Event "Jurmala"]
[Site "?"]
[Date "1983.??.??"]
[Round "?"]
[White "Fernandez Garcia, Jose Luis"]
[Black "Lerner, Konstantin Z"]
[WhiteElo "2435"]
[BlackElo "2525"]
[Result "1-0"]

1. e4 c5 2. Nf3 Nc6 3. Nc3 d6 4. d4 cxd4 5. Nxd4 Nf6 6. Bg5 e6 7. Qd2 a6 8. O-O-O h6 9. Bf4 Bd7 10. Nxc6 Bxc6 11. f3 d5 12. Qe1 Bb4 13. Bd2 Qe7 14. Kb1 dxe4 15. fxe4 O-O-O 16. Bd3 e5 17. Rf1 Bxc3 18. Bxc3 Nxe4 19. Bb4 Qe6 20. Qe3 Qd7 21. Ba5 Qd4 22. Qe1 Rd7 23. Be2 Qa4 24. Rxd7 Bxd7 25. Rxf7 Be6 26. b3 Qd4 27. Re7 Bd7 28. Bd3 Nc5 29. Bc4 Re8 30. Bc3 Qe4 31. Rxe8+ Bxe8 32. Be6+ Bd7 33. Bxd7+ Kxd7 34. Qxe4 Nxe4 35. Bxe5 g5 36. c4 Ke6 37. Bd4 Kf5 38. Kc2 h5 39. Kd3 h4 40. Be3 Nf6 41. b4 g4 42. h3 gxh3 43. gxh3 Nh5 44. a4 Ke5 45. Bg5 Kf5 46. Be3 Ke5 47. b5 Ng3 48. Bd4+ Ke6 49. Bf2 Nf5 50. Ke4 Nd6+ 51. Kd4 Nf5+ 52. Ke4 Nd6+ 53. Kd4 Nf5+ 54. Kc5 axb5 55. cxb5 Kd7 56. Kd5 Ng3 57. a5 Ne2 58. Kc5 Ng3 59. Kb6 Kc8 60. Ka7 Nf5 61. Bc5 

1-0

[Event "Buenos Aires"]
[Site "?"]
[Date "1990.??.??"]
[Round "?"]
[White "Fernandez Garcia, Jose Luis"]
[Black "Campora, Daniel H"]
[WhiteElo "2470"]
[BlackElo "2520"]
[Result "1-0"]

1. e4 e5 2. Nf3 Nc6 3. Bb5 a6 4. Ba4 Nf6 5. O-O Be7 6. Re1 b5 7. Bb3 d6 8. c3 O-O 9. h3 Nb8 10. d4 Nbd7 11. Nbd2 Bb7 12. Bc2 Re8 13. a4 Bf8 14. Bd3 c6 15. b3 g6 16. Ba3 Qc7 17. Qc2 Rac8 18. Rab1 Qb8 19. Qa2 Bg7 20. dxe5 dxe5 21. c4 Ba8 22. b4 Qd6 23. Bf1 Rb8 24. c5 Qe7 25. axb5 axb5 26. Nb3 Rbd8 27. Na5 Nh5 28. Rbd1 Nb8 29. g3 Na6 30. h4 Qc7 31. Qc2 Bf8 32. Qc3 Bg7 33. Bc1 Rxd1 34. Rxd1 Nf6 35. Qe1 Bb7 36. Nxb7 Qxb7 37. Bh3 Nb8 38. Bb2 Nfd7 39. Nd2 Nf8 40. Nb3 Qc7 41. Rd6 f6 42. Qa1 Kf7 43. Qa5 Re7 44. Rd8 Qxa5 45. Nxa5 Re8 46. Rd6 Bh6 47. Bc3 Ne6 48. Nxc6 Nxc6 49. Rxc6 Nd4 50. Rc7+ Re7 51. Rxe7+ Kxe7 52. Bf1 Bc1 53. Bd3 Kd8 54. Kf1 Kc7 55. f4 h6 56. Ke1 g5 57. fxe5 fxe5 58. Kd1 Be3 59. Bd2 Bf2 60. hxg5 hxg5 61. g4 Bh4 62. Be3 Nc6 63. Bxb5 Nxb4 64. Kd2 Nc6 65. Kd3 Nd4 66. Bxd4 exd4 67. Kxd4 Be1 68. e5 Kd8 69. Ke4 

1-0

[Event "9th Elgoibar"]
[Site "?"]
[Date "1999.??.??"]
[Round "?"]
[White "Fernandez Garcia, Jose Luis"]
[Black "Georgiev, Vladimir"]
[WhiteElo "2443"]
[BlackElo "2519"]
[Result "1-0"]

1. e4 c5 2. Nf3 Nc6 3. d4 cxd4 4. Nxd4 Nf6 5. Nc3 d6 6. Bg5 Bd7 7. Be2 Qa5 8. Bxf6 gxf6 9. O-O Bg7 10. Nd5 Nxd4 11. Qxd4 Kf8 12. Qd3 Bc6 13. b4 Qd8 14. Rad1 h5 15. h4 Rc8 16. c4 b6 17. Rfe1 f5 18. exf5 Bxd5 19. cxd5 Bc3 20. Rf1 Bxb4 21. Rc1 Rxc1 22. Rxc1 Bc5 23. Rc3 Qc8 24. Kf1 Rh6 25. Qf3 Qd7 26. Qe4 Rf6 27. Rf3 b5 28. Rf4 Bb6 29. Qc2 e5 30. fxe6 Qd8 31. Qh7 Rxf4 32. Qh6+ Ke7 33. Qxf4 fxe6 34. Qg5+ Kf8 35. Qh6+ Kg8 36. Qxe6+ Kg7 37. Bxh5 Qc7 38. Qg6+ Kf8 39. Qe8+ Kg7 40. Qg6+ Kf8 41. Qh6+ Kg8 42. Qg5+ Kh8 43. Bg4 Qg7 44. Qxg7+ Kxg7 45. Bd7 b4 46. f4 Kf6 47. Ke2 a5 

1-0

[Event "Dos Hermanas"]
[Site "?"]
[Date "1993.??.??"]
[Round "?"]
[White "Fernandez Garcia, Jose Luis"]
[Black "Izeta Txabarri, Felix"]
[WhiteElo "2475"]
[BlackElo "2505"]
[Result "1-0"]

1. e4 e6 2. d4 b6 3. Nf3 Bb7 4. Bd3 c5 5. O-O Nf6 6. e5 Nd5 7. dxc5 Bxc5 8. Be4 Qc7 9. c4 Ne3 10. Bxe3 Bxe4 11. Nc3 Bc6 12. Nb5 Bxb5 13. cxb5 Bxe3 14. fxe3 O-O 15. Qd3 a6 16. Qe4 Ra7 17. Ng5 g6 18. Rac1 Qd8 19. Qh4 h5 20. Rf6 d6 21. Rcf1 Re7 22. Qf2 Qe8 23. exd6 Ra7 24. bxa6 Nd7 25. Rxf7 Rxa6 26. Qc2 

1-0

[Event "10th Mislata op"]
[Site "?"]
[Date "2001.08.27"]
[Round "?"]
[White "Fernandez Garcia, Jose Luis"]
[Black "Movsziszian, Karen"]
[WhiteElo "2461"]
[BlackElo "2505"]
[Result "1-0"]

1. e4 g6 2. d4 Bg7 3. Nc3 d6 4. f4 a6 5. Nf3 b5 6. Bd3 Nd7 7. a4 b4 8. Ne2 c5 9. c3 e6 10. cxb4 cxb4 11. Qb3 a5 12. f5 gxf5 13. exf5 exf5 14. Bc4 Qe7 15. O-O Nb6 16. Ng3 Kf8 17. Bf4 Bh6 18. Rae1 Qc7 19. Bxh6+ Nxh6 20. Qe3 Ng8 21. Qe8+ Kg7 22. Nh5+ 

1-0

[Event "Leon"]
[Site "?"]
[Date "1991.??.??"]
[Round "?"]
[White "Fernandez Garcia, Jose Luis"]
[Black "Bass, Leonid"]
[WhiteElo "2470"]
[BlackElo "2495"]
[Result "1-0"]

1. e4 c6 2. d4 d5 3. Nd2 dxe4 4. Nxe4 Bf5 5. Ng3 Bg6 6. h4 h6 7. Nf3 Nd7 8. h5 Bh7 9. Bd3 Bxd3 10. Qxd3 e6 11. Bf4 Qa5+ 12. Bd2 Qc7 13. O-O-O Ngf6 14. Qe2 O-O-O 15. Ne5 Nb8 16. Rh4 Bd6 17. Nc4 Rd7 18. Ne4 Nxe4 19. Rxe4 Qd8 20. Rg4 Rg8 21. Nxd6+ Rxd6 22. Qf3 Rd7 23. Qg3 Qf6 24. Bf4 Na6 25. Be5 Qf5 26. Rxg7 Rxg7 27. Qxg7 Qxh5 28. g4 Qg6 29. f3 Nc7 30. Rh1 Qxg7 31. Bxg7 Ne8 32. Bh8 f6 33. Rxh6 Rxd4 34. Bxf6 Rf4 35. Be5 Rxf3 36. Rh8 Kd8 37. g5 Rf1+ 38. Kd2 Rg1 39. Bf6+ Kd7 40. Rh7+ Kd6 41. Rxb7 Nxf6 42. gxf6 a5 43. f7 Rf1 44. a4 c5 45. Kd3 Kd5 46. Rd7+ Kc6 47. Ra7 Kd5 48. c4+ Ke5 49. Ke3 Kd6 50. Ke4 

1-0

[Event "Jurmala"]
[Site "?"]
[Date "1983.??.??"]
[Round "?"]
[White "Fernandez Garcia, Jose Luis"]
[Black "Petrosian, Arshak B"]
[WhiteElo "2435"]
[BlackElo "2480"]
[Result "1-0"]

1. e4 e5 2. Nf3 Nc6 3. Bb5 a6 4. Ba4 Nf6 5. d4 exd4 6. O-O Be7 7. Re1 b5 8. Bb3 d6 9. Bd5 Bd7 10. Nxd4 Nxd5 11. Nxc6 Bxc6 12. exd5 Bb7 13. a4 O-O 14. axb5 axb5 15. Rxa8 Bxa8 16. Qe2 Bg5 17. Qxb5 Bxc1 18. Rxc1 Qg5 19. Rd1 c6 20. Qd3 cxd5 21. Qd4 h6 22. Re1 Rc8 23. Na3 Bc6 24. h4 Qf5 25. Re3 Re8 26. Rxe8+ Bxe8 27. c3 Qe5 28. Qd2 Qe4 29. b4 Bc6 30. Qe3 Qg6 31. Qb6 Ba4 32. Qa7 Bb3 33. b5 d4 34. Qxd4 Qe6 35. c4 Qe1+ 36. Kh2 Qb4 37. Qa7 Bxc4 38. Qa8+ Kh7 39. Qe4+ f5 40. Qxf5+ Kh8 41. Nxc4 Qxc4 42. b6 Qxh4+ 43. Kg1 Qb4 44. Qc8+ Kh7 45. b7 Qe1+ 46. Kh2 Qe5+ 47. g3 Qh5+ 48. Kg2 Qd5+ 49. f3 Qa2+ 50. Kh3 

1-0

[Event "Lanzarote"]
[Site "?"]
[Date "1988.??.??"]
[Round "?"]
[White "Fernandez Garcia, Jose Luis"]
[Black "Franco Ocampos, Zenon"]
[WhiteElo "2435"]
[BlackElo "2475"]
[Result "1-0"]

1. e4 c5 2. Nf3 e6 3. d4 cxd4 4. Nxd4 Nc6 5. g3 d5 6. Bg2 dxe4 7. Nxc6 Qxd1+ 8. Kxd1 bxc6 9. Bxe4 Kd7 10. Nd2 Nf6 11. Bg2 Bc5 12. Ke2 Ba6+ 13. c4 Rad8 14. Rb1 Bd4 15. b4 Kc7 16. Bb2 Bxb2 17. Rxb2 Nd7 18. Rc1 Ne5 19. Rc3 g5 20. b5 Bb7 21. Ra3 Ra8 22. f4 gxf4 23. gxf4 Nd7 24. Nb3 Rhg8 25. Ke3 cxb5 26. Bxb7 Kxb7 27. Na5+ Kc7 28. cxb5 Nb6 29. Kf3 Nd5 30. Nc4 Nb6 31. Na5 Nd5 32. Nc4 Nb6 33. Ne5 f6 34. Rc2+ Kb7 35. Nc6 Rgc8 36. Na5+ Kb8 37. Nc6+ Kb7 38. Na5+ Kb8 39. Rac3 a6 40. Rc6 axb5 41. Rxb6+ Ka7 42. Rxc8 

1-0

[Event "Pamplona"]
[Site "?"]
[Date "1991.??.??"]
[Round "?"]
[White "Fernandez Garcia, Jose Luis"]
[Black "De La Villa Garcia, Jesus Maria"]
[WhiteElo "2470"]
[BlackElo "2470"]
[Result "1-0"]

1. e4 e6 2. d4 d5 3. exd5 exd5 4. Nf3 Nf6 5. Bg5 c6 6. Bd3 Qe7+ 7. Qe2 Qxe2+ 8. Kxe2 Be7 9. Re1 h6 10. Bh4 g5 11. Bg3 Ne4 12. Kf1 f5 13. Bxb8 Rxb8 14. Ne5 Bf6 15. f3 Bxe5 16. dxe5 Nc5 17. b4 Nxd3 18. cxd3 f4 19. Nd2 Bf5 20. Ke2 Kf7 21. Nb3 Rbe8 22. Kd2 h5 23. Nd4 Bc8 24. Rac1 a6 25. a4 Re7 26. b5 axb5 27. axb5 Bd7 28. bxc6 bxc6 29. e6+ Bxe6 30. Rxc6 Bc8 31. Rxe7+ Kxe7 32. Rg6 g4 33. Ne2 Kf7 34. Nxf4 gxf3 35. gxf3 Rf8 36. Rb6 Kg8 37. Nxd5 Bh3 38. Rg6+ Kh7 39. Rf6 Ra8 40. Nf4 Ra2+ 41. Ke3 Rxh2 42. Nxh5 Ra2 43. Ng3 Kg7 44. Nh5+ Kh7 45. Rd6 Ra1 46. Nf4 Bf5 47. Rd5 Bc8 48. Rc5 Ra8 49. Nd5 Rb8 50. Kf4 Bb7 51. Kg5 Rg8+ 52. Kh5 Kh8 53. Nf6 Rg1 54. Ne4 Ba6 55. Rd5 Kg7 56. Nc5 Rh1+ 57. Kg5 Bc8 58. Rd8 Bh3 59. Rb8 Rg1+ 60. Kf4 Kf7 61. Rh8 Bf1 62. Rh7+ Kg6 63. Rh2 Rg5 64. Rf2 Bg2 65. Ke3 Bh3 66. Ne4 

1-0

[Event "Santa Cruz de la Palma op"]
[Site "?"]
[Date "1995.??.??"]
[Round "?"]
[White "Granda Zuniga, Julio E"]
[Black "Fernandez Garcia, Jose Luis"]
[WhiteElo "2620"]
[BlackElo "2445"]
[Result "0-1"]

1. d4 Nf6 2. Nf3 g6 3. c4 Bg7 4. g3 d5 5. Bg2 O-O 6. O-O dxc4 7. Na3 Na6 8. Qc2 Nb4 9. Qxc4 a5 10. Bf4 c6 11. Qc1 Bf5 12. Rd1 Be4 13. Be5 Ne8 14. Bxg7 Nxg7 15. Ne1 Bxg2 16. Nxg2 Nf5 17. Nc4 Nxd4 18. Kh1 b5 19. e3 Ne2 20. Qb1 Qc7 21. Na3 Rad8 22. Rxd8 Rxd8 23. Qe1 Rd6 24. Rd1 Nxg3+ 25. hxg3 Qd7 26. Rxd6 Qxd6 27. Nb1 Qf6 28. Qd2 Nxa2 29. Kg1 a4 30. Ne1 Qd6 31. Nd3 c5 32. Qc2 c4 33. Nc1 Nb4 34. Qe2 Na6 35. e4 Nc7 36. Na2 Ne6 37. Nac3 Nd4 38. Qd1 Qe5 39. Nd2 e6 40. Kg2 Qc5 41. Nf3 Nxf3 42. Qxf3 b4 43. Nxa4 Qc6 44. Qd1 Qxe4+ 45. Qf3 Qxf3+ 46. Kxf3 c3 47. bxc3 bxc3 48. Nxc3 h5 49. Ne4 Kg7 50. Ke3 f6 51. f4 e5 52. fxe5 fxe5 53. Nf2 Kf6 54. Ke4 g5 55. Nd3 g4 56. Ne1 Kg5 57. Ng2 Kf6 58. Kd5 Kf5 59. Nh4+ Kf6 60. Kc4 Kf7 

0-1

[Event "Pamplona"]
[Site "?"]
[Date "1991.??.??"]
[Round "?"]
[White "Ehlvest, Jaan"]
[Black "Fernandez Garcia, Jose Luis"]
[WhiteElo "2605"]
[BlackElo "2470"]
[Result "0-1"]

1. e4 e5 2. Nf3 Nc6 3. d4 exd4 4. Nxd4 Bc5 5. Nxc6 Qf6 6. Qd2 dxc6 7. Bd3 Be6 8. O-O O-O-O 9. Qe2 h5 10. e5 Qe7 11. Nd2 Nh6 12. Kh1 Ng4 13. Nf3 Bd5 14. Bf4 f6 15. Rae1 g5 16. Bg3 Kb8 17. h3 h4 18. Bh2 Bxf3 19. Qxf3 Nxh2 20. Kxh2 fxe5 21. Qe2 Rhf8 22. Be4 Qf6 23. Qf3 Rd2 24. Qxf6 Rxf6 25. f3 Bf2 26. Rb1 c5 27. Rfd1 Rfd6 28. Rxd2 Rxd2 29. b3 c6 30. Kh1 Kc7 31. Rf1 Kd6 32. Rb1 Kc7 33. Bd3 Kb6 34. a3 Kc7 35. Be4 Kd6 36. Rf1 Kc7 37. Rb1 Kd6 38. Rf1 a6 39. Rb1 Kc7 40. Rf1 Kd6 41. Rb1 b5 42. Rf1 c4 43. bxc4 bxc4 44. Rc1 Kc5 45. a4 a5 46. Kh2 Kb4 47. Bxc6 Kc3 48. Be4 Kb2 49. Rf1 c3 

0-1